1418 1932 1121 1192 1485 1797 1808 1118 1186 1110 1181 1169 1778 1141 1556 1260 1161 1479 1286 1618 1473 1956 1101 1567 1028 1559 1942 1287 1765 1207 1331 1294 1660 1777 1445 1719 1810 1198 1748 1199 1442 1986 1487 1102 1702 1572 1778 1525 1640 1384 1696 1001 1777 1417 1966 1301 1375 1792 1560 1113 1205 1294 1551 1421 1120 1274 1909 1322 1477 1210 1355 1851 1799 1591 1538 1620 1390 1726 1733 1131 1953 1670 1683 1546 1730 1602 1268 1815 1095 1425 1110 1376 1961 1441 1248 1547 1979 1061 1207 BCNSPRNW ULIB Ver.6.0+V

เปลี่ยนเป็นภาษาไทย

Change to English
 แสดงรายละเอียดบรรณานุกรม
  กลับหน้าหลัก

Brief Record : Get Marc (ISO 2709) : E-mail record : QR code < ปิดหน้าต่าง
LEADER : 00000nam 2200000uu 4500
001    13399122123
003     ULIB
008    121228s2543||||th 000 0 tha d
020    ^a9789744727374
090    ^aนว.^bก246ท
100    ^aจอร์น กริสแฮม
245    ^aทนายข้างถนน/^cจอร์น กริสแฮม
260    ^aกรุงเทพฯ :^bนานมีบุ๊คส์,^c2543
300    ^a448 หน้า
710    ^aวิมล กมลตระกูล แปล
945    ^p225^l0^i014085
995    ^aวิภา
999 ^a ทศพร
รายการนี้ยังไม่มีแท็ก
คุณยังไม่ได้ล็อกอิน คุณสามารถมีกิจกรรมร่วมกับเว็บไซต์ได้ แต่ต้องล็อกอินก่อน ::
  ล็อกอิน

รายการสื่อสารสนเทศ

ลำดับที่ ประเภท เลขเรียก/บาร์โค้ด สถานที่ สถานะ
1. นวนิยาย
นวนิยาย
นว. ก246ท  
  Barcode: 014085
ห้องสมุดวิทยาเขตสวรรค์ประชารักษ์
►นวนิยาย
บนชั้น
  ขอยืม

BibComment


ยังไม่เคยถูกคอมเมนท์

คอมเมนท์ทรัพยากรรายการนี้
  คอมเมนท์: ทนายข้างถนน จอร์..


 Copyright 2026. Bcnsprnw @Library